00332nam a2200121Ia 4500008004100000020001500041041001200056100001900068245005700087260004800144300000800192650001000200221030s9999 xx 000 0 und d a8131807378 aEnglish aS. M. Tripathi 2aA Course in Modern Control Systemcby S. M. Tripathi bUniversities Science PressaNew Delhic2014 a207 aBB EE